000 00587nam a2200205 i 4500
001 57874
003 ES-MaACL
005 20230906163653.0
007 t|
008 031020s1973 fr ||||1| fre d
080 _a308(44)"07/13"
080 _a944"07/13"
100 1 _aDuby, Georges.
_945797
245 1 0 _aHommes et structures du Moyen Age /
_cGeorges Duby.
260 _aParis :
_bMouton,
_c[1973]
300 _a424 p. ;
_c22 cm.
651 4 _aFrancia-
_xSituación social-
_yS.V-XV.
_9156504
651 4 _aFrancia-
_xInstituciones-
_xHistoria.
_9156505
852 _aES-MaACL
_jA-9050
999 _c57874
_d57874